000
00230nam a2200097Ia 4500
001
837146
005
20250826172527.0
008
250824s9999 xx 000 0 und d
245
0
_a
BÜYÜK YARIŞ
_c
ODİN RED BEARD
260
_b
KRONİK
999
_c
837146
_d
837146